000 00794cam a2200181 4500
008 000000n2000 000 0 eng u
035 _a(Sirsi) u108608
245 _aBRE initiates new rules for buildings hand over
260 _c2000
490 _aContract Journal
_v(6296) 27 September 2000
520 _aDescribes how a number of BRE's partner organisations, including RICS, are joining it in an initiative to establish new rules on how contractors should hand over buildings. For further information and contributions, contact: Ursula Garner; tel: 01923 664361, John Palmer; tel: 01923 664494. E-mail: [email protected].
590 _aWB
650 _aCONTRACTORS
650 _aHANDOVER
650 _aFACILITIES MANAGEMENT
_96240
690 _aPROPERTY MANAGEMENT
_96262
942 _n0
999 _c64836
_d64836